000 00778nam a2200265Ia 4500
001 Para_3900
003 CHAP
008 220125s1943 xx 000 0 und d
010 _a202401
040 _cCHAP
090 _aPA FOLLETO 1296
100 _aGarman, Philip
_946906
245 _aControl of the apple maggot with rotenone dusts /
_c Philip Garman
260 _aStorrs, Conecticut :
_b Agricultural Experiment Station
300 _ap.437-442
440 _aConnecticut. Agr. Exp. Sta. Bull; 474
_9167571
650 _aRhagoletis pomonella Manzana
_x Plagas
_9167572
901 _aPA FOLLETO 1296
902 _aA
905 _a0000001943 STO 0000000000 00
910 _a1943
942 _cPARA
942 _cPARA
_d1
999 _c202401
_d202401